[Event "Rapid Tournament (RAP)"]
[Site "Biel, CH"]
[Date "2025.07.13"]
[Round "4"]
[White "Schaefer, Gion"]
[Black "Aryan Goyal"]
[Result "0-1"]
[Board "54"]
[WhiteFideId "1362097"]
[BlackFideId "366108825"]
[WhiteElo "1696"]
[BlackElo "1884"]
[WhiteTeam "SUI"]
[BlackTeam "IND"]
[WhiteClock "0:01:56"]
[BlackClock "0:02:11"]
[Variant "Standard"]

1. e4 {[%clk 0:15:09]}  e5 {[%clk 0:15:07]} 2. Nf3 {[%clk 0:15:13]}  Nc6 {[%clk 0:15:11]} 3. Bc4 {[%clk 0:15:17]}  Bc5 {[%clk 0:15:14]} 4. c3 {[%clk 0:15:20]}  Nf6 {[%clk 0:15:17]} 5. d4 {[%clk 0:15:22]}  exd4 {[%clk 0:15:18]} 6. O-O {[%clk 0:15:25]}  d6 {[%clk 0:14:12]} 7. cxd4 {[%clk 0:15:28]}  Bb6 {[%clk 0:14:16]} 8. Re1 {[%clk 0:15:14]}  O-O {[%clk 0:14:19]} 9. Nc3 {[%clk 0:15:18]}  Bg4 {[%clk 0:14:19]} 10. Be3 {[%clk 0:14:47]}  Re8 {[%clk 0:13:53]} 11. Qd3 {[%clk 0:13:52]}  Nb4 {[%clk 0:13:18]} 12. Bxf7+ {[%clk 0:13:19]}  Kxf7 {[%clk 0:12:40]} 13. Qc4+ {[%clk 0:13:23]}  Kf8 {[%clk 0:12:11]} 14. Ng5 {[%clk 0:12:56]}  Qd7 {[%clk 0:11:56]} 15. Rac1 {[%clk 0:12:30]}  h6 {[%clk 0:10:32]} 16. Nf3 {[%clk 0:12:20]}  Bxf3 {[%clk 0:09:57]} 17. gxf3 {[%clk 0:12:23]}  Nc6 {[%clk 0:09:52]} 18. Kh1 {[%clk 0:11:21]}  Qf7 {[%clk 0:09:17]} 19. Qd3 {[%clk 0:10:40]}  Kg8 {[%clk 0:08:49]} 20. Rg1 {[%clk 0:10:41]}  Kh8 {[%clk 0:08:48]} 21. Rg2 {[%clk 0:10:10]}  Nh5 {[%clk 0:07:31]} 22. Rcg1 {[%clk 0:09:33]}  Rg8 {[%clk 0:06:57]} 23. Nd5 {[%clk 0:09:10]}  Ne7 {[%clk 0:06:32]} 24. Nxe7 {[%clk 0:09:06]}  Qxe7 {[%clk 0:06:33]} 25. Rg6 {[%clk 0:09:00]}  Nf6 {[%clk 0:05:46]} 26. e5 {[%clk 0:08:27]}  dxe5 {[%clk 0:05:25]} 27. dxe5 {[%clk 0:08:27]}  Nh7 {[%clk 0:05:12]} 28. Bd2 {[%clk 0:07:07]}  Rad8 {[%clk 0:04:51]} 29. Qe2 {[%clk 0:06:50]}  Qd7 {[%clk 0:03:46]} 30. Bc3 {[%clk 0:06:44]}  Bd4 {[%clk 0:03:45]} 31. e6 {[%clk 0:06:41]}  Qe7 {[%clk 0:03:39]} 32. Bxd4 {[%clk 0:06:38]}  Rxd4 {[%clk 0:03:43]} 33. Qe5 {[%clk 0:06:36]}  Rh4 {[%clk 0:03:23]} 34. R1g3 {[%clk 0:05:21]}  Nf8 {[%clk 0:03:15]} 35. R6g4 {[%clk 0:04:10]}  Rxg4 {[%clk 0:03:12]} 36. fxg4 {[%clk 0:04:03]}  Qxe6 {[%clk 0:02:53]} 37. Qxc7 {[%clk 0:03:59]}  Qd5+ {[%clk 0:02:49]} 38. f3 {[%clk 0:03:47]}  Ne6 {[%clk 0:02:48]} 39. Qc3 {[%clk 0:03:16]}  Nf4 {[%clk 0:02:37]} 40. Qc2 {[%clk 0:02:45]}  Re8 {[%clk 0:02:29]} 41. Qf2 {[%clk 0:02:05]}  Ne2 {[%clk 0:02:11]} 42. Rg2 {[%clk 0:01:56]}  Qd1+ {[%clk 0:02:11]} 0-1

[Event "Rapid Tournament (RAP)"]
[Site "Biel, CH"]
[Date "2025.07.13"]
[Round "4"]
[White "Ranieri, Pierpaolo"]
[Black "Kubanyi, Robert"]
[Result "1-0"]
[Board "55"]
[WhiteFideId "893986"]
[BlackFideId "23746866"]
[WhiteElo "1882"]
[BlackElo "1711"]
[WhiteTeam "ITA"]
[BlackTeam "CZE"]
[WhiteClock "0:07:51"]
[BlackClock "0:06:19"]
[Variant "Standard"]

1. d4 {[%clk 0:15:09]}  Nf6 {[%clk 0:15:09]} 2. Nf3 {[%clk 0:15:11]}  d6 {[%clk 0:15:12]} 3. c4 {[%clk 0:15:14]}  b6 {[%clk 0:15:14]} 4. Nc3 {[%clk 0:15:15]}  Bb7 {[%clk 0:15:18]} 5. g3 {[%clk 0:15:09]}  Nbd7 {[%clk 0:15:09]} 6. Bg2 {[%clk 0:15:13]}  g6 {[%clk 0:15:07]} 7. O-O {[%clk 0:15:15]}  Bg7 {[%clk 0:15:10]} 8. Re1 {[%clk 0:14:48]}  O-O {[%clk 0:15:13]} 9. e4 {[%clk 0:14:50]}  c5 {[%clk 0:14:58]} 10. d5 {[%clk 0:14:51]}  a6 {[%clk 0:14:49]} 11. Bf4 {[%clk 0:14:48]}  Nh5 {[%clk 0:14:25]} 12. Bg5 {[%clk 0:14:44]}  h6 {[%clk 0:14:24]} 13. Be3 {[%clk 0:14:48]}  Nhf6 {[%clk 0:14:09]} 14. Qd2 {[%clk 0:14:50]}  Kh7 {[%clk 0:14:13]} 15. h4 {[%clk 0:14:46]}  b5 {[%clk 0:14:08]} 16. b3 {[%clk 0:14:11]}  b4 {[%clk 0:14:03]} 17. Ne2 {[%clk 0:13:48]}  Nxe4 {[%clk 0:14:02]} 18. Qd3 {[%clk 0:13:51]}  Nef6 {[%clk 0:13:24]} 19. Rad1 {[%clk 0:13:49]}  Ng4 {[%clk 0:13:16]} 20. h5 {[%clk 0:13:42]}  Nde5 {[%clk 0:13:14]} 21. Nxe5 {[%clk 0:13:21]}  Nxe5 {[%clk 0:13:17]} 22. hxg6+ {[%clk 0:13:23]}  fxg6 {[%clk 0:13:20]} 23. Qe4 {[%clk 0:13:25]}  Bc8 {[%clk 0:12:38]} 24. Bc1 {[%clk 0:12:43]}  Bf5 {[%clk 0:12:51]} 25. Qe3 {[%clk 0:12:29]}  Qd7 {[%clk 0:12:24]} 26. Nf4 {[%clk 0:12:13]}  Rf7 {[%clk 0:11:47]} 27. Be4 {[%clk 0:12:07]}  Bg4 {[%clk 0:10:46]} 28. Ne6 {[%clk 0:11:20]}  Bxe6 {[%clk 0:10:00]} 29. dxe6 {[%clk 0:11:17]}  Qxe6 {[%clk 0:10:03]} 30. Bxa8 {[%clk 0:11:19]}  Qg4 {[%clk 0:08:38]} 31. Bg2 {[%clk 0:10:37]}  h5 {[%clk 0:09:17]} 32. Qe4 {[%clk 0:09:53]}  Qd7 {[%clk 0:08:35]} 33. Bb2 {[%clk 0:08:40]}  Nf3+ {[%clk 0:07:51]} 34. Bxf3 {[%clk 0:09:17]}  Bxb2 {[%clk 0:07:48]} 35. Bxh5 {[%clk 0:09:19]}  Rg7 {[%clk 0:06:02]} 36. Bg4 {[%clk 0:08:16]}  Qe8 {[%clk 0:07:07]} 37. Rd5 {[%clk 0:08:05]}  Kh8 {[%clk 0:06:39]} 38. Rxd6 {[%clk 0:07:49]}  a5 {[%clk 0:06:31]} 39. Ra6 {[%clk 0:07:36]}  Qf8 {[%clk 0:06:19]} 40. Ra8 {[%clk 0:07:51]} 1-0

[Event "Rapid Tournament (RAP)"]
[Site "Biel, CH"]
[Date "2025.07.13"]
[Round "5"]
[White "Degtiarev, Evgeny"]
[Black "Yilmaz, Mustafa"]
[Result "0-1"]
[Board "1"]
[WhiteFideId "4149610"]
[BlackFideId "6302718"]
[WhiteTitle "IM"]
[BlackTitle "GM"]
[WhiteElo "2331"]
[BlackElo "2547"]
[WhiteTeam "GER"]
[BlackTeam "TUR"]
[WhiteClock "0:00:09"]
[BlackClock "0:00:19"]
[Variant "Standard"]

1. d4 {[%clk 0:15:09]}  Nf6 {[%clk 0:15:09]} 2. c4 {[%clk 0:15:12]}  e6 {[%clk 0:15:12]} 3. Nc3 {[%clk 0:14:57]}  Bb4 {[%clk 0:15:14]} 4. e3 {[%clk 0:14:59]}  O-O {[%clk 0:15:09]} 5. Bd2 {[%clk 0:14:50]}  d5 {[%clk 0:15:07]} 6. Rc1 {[%clk 0:14:27]}  b6 {[%clk 0:14:57]} 7. cxd5 {[%clk 0:12:39]}  exd5 {[%clk 0:15:00]} 8. Bd3 {[%clk 0:12:31]}  Ba6 {[%clk 0:13:01]} 9. Bxa6 {[%clk 0:11:43]}  Nxa6 {[%clk 0:13:05]} 10. Qa4 {[%clk 0:11:46]}  Qc8 {[%clk 0:12:56]} 11. Nf3 {[%clk 0:11:00]}  Re8 {[%clk 0:12:59]} 12. Nb5 {[%clk 0:10:23]}  Bf8 {[%clk 0:09:18]} 13. Rc6 {[%clk 0:06:26]}  Qb7 {[%clk 0:09:12]} 14. Qc2 {[%clk 0:07:05]}  Ne4 {[%clk 0:08:10]} 15. a3 {[%clk 0:04:40]}  Bc5 {[%clk 0:07:08]} 16. Rxc5 {[%clk 0:02:46]}  bxc5 {[%clk 0:07:08]} 17. Nc3 {[%clk 0:02:46]}  Rab8 {[%clk 0:06:18]} 18. Nd1 {[%clk 0:02:15]}  cxd4 {[%clk 0:05:48]} 19. Nxd4 {[%clk 0:02:11]}  c5 {[%clk 0:05:45]} 20. Nf5 {[%clk 0:01:31]}  d4 {[%clk 0:04:01]} 21. O-O {[%clk 0:00:49]}  Qb3 {[%clk 0:03:03]} 22. Qc1 {[%clk 0:00:51]}  Qd3 {[%clk 0:01:43]} 23. Ba5 {[%clk 0:00:55]}  Re5 {[%clk 0:01:09]} 24. g4 {[%clk 0:00:48]}  Nf6 {[%clk 0:00:14]} 25. f4 {[%clk 0:00:14]}  Re6 {[%clk 0:00:11]} 26. exd4 {[%clk 0:00:16]}  cxd4 {[%clk 0:00:14]} 27. Nf2 {[%clk 0:00:17]}  Qb5 {[%clk 0:00:14]} 28. b4 {[%clk 0:00:21]}  Qd5 {[%clk 0:00:08]} 29. h3 {[%clk 0:00:17]}  Rbe8 {[%clk 0:00:09]} 30. Qd1 {[%clk 0:00:13]}  d3 {[%clk 0:00:08]} 31. Qxd3 {[%clk 0:00:15]}  Qxd3 {[%clk 0:00:11]} 32. Nxd3 {[%clk 0:00:19]}  g6 {[%clk 0:00:15]} 33. Nh6+ {[%clk 0:00:20]}  Kg7 {[%clk 0:00:19]} 34. g5 {[%clk 0:00:24]}  Ne4 {[%clk 0:00:20]} 35. b5 {[%clk 0:00:23]}  Nb8 {[%clk 0:00:19]} 36. Nf2 {[%clk 0:00:21]}  Ng3 {[%clk 0:00:17]} 37. Bc3+ {[%clk 0:00:24]}  Kf8 {[%clk 0:00:20]} 38. Bb4+ {[%clk 0:00:28]}  Kg7 {[%clk 0:00:25]} 39. Bc3+ {[%clk 0:00:31]}  f6 {[%clk 0:00:28]} 40. Bxf6+ {[%clk 0:00:23]}  Rxf6 {[%clk 0:00:32]} 41. gxf6+ {[%clk 0:00:27]}  Kxh6 {[%clk 0:00:36]} 42. Rd1 {[%clk 0:00:18]}  Ne2+ {[%clk 0:00:34]} 43. Kh2 {[%clk 0:00:29]}  Nxf4 {[%clk 0:00:38]} 44. h4 {[%clk 0:00:21]}  g5 {[%clk 0:00:35]} 45. Rd6 {[%clk 0:00:20]}  Kh5 {[%clk 0:00:30]} 46. f7 {[%clk 0:00:19]}  Rf8 {[%clk 0:00:33]} 47. hxg5 {[%clk 0:00:08]}  Kxg5 {[%clk 0:00:29]} 48. Ne4+ {[%clk 0:00:19]}  Kf5 {[%clk 0:00:31]} 49. Ng3+ {[%clk 0:00:20]}  Ke5 {[%clk 0:00:33]} 50. Rh6 {[%clk 0:00:19]}  Rxf7 {[%clk 0:00:36]} 51. b6 {[%clk 0:00:23]}  a6 {[%clk 0:00:32]} 52. a4 {[%clk 0:00:26]}  a5 {[%clk 0:00:35]} 53. Nh5 {[%clk 0:00:21]}  Ng6 {[%clk 0:00:35]} 54. Ng3 {[%clk 0:00:23]}  Nc6 {[%clk 0:00:30]} 55. Rh5+ {[%clk 0:00:26]}  Ke6 {[%clk 0:00:23]} 56. Rb5 {[%clk 0:00:25]}  Rf4 {[%clk 0:00:21]} 57. b7 {[%clk 0:00:19]}  Rb4 {[%clk 0:00:24]} 58. b8=Q {[%clk 0:00:18]}  Nxb8 {[%clk 0:00:28]} 59. Rxa5 {[%clk 0:00:22]}  Nc6 {[%clk 0:00:28]} 60. Ra6 {[%clk 0:00:21]}  Nge5 {[%clk 0:00:25]} 61. a5 {[%clk 0:00:19]}  Ra4 {[%clk 0:00:26]} 62. Kh3 {[%clk 0:00:21]}  Kf6 {[%clk 0:00:10]} 63. Ra8 {[%clk 0:00:17]}  Nxa5 {[%clk 0:00:08]} 64. Ra7 {[%clk 0:00:14]}  Kg6 {[%clk 0:00:10]} 65. Ra6+ {[%clk 0:00:16]}  Nec6 {[%clk 0:00:14]} 66. Ra8 {[%clk 0:00:17]}  Rc4 {[%clk 0:00:11]} 67. Rg8+ {[%clk 0:00:18]}  Kf7 {[%clk 0:00:14]} 68. Rg5 {[%clk 0:00:16]}  Nb7 {[%clk 0:00:15]} 69. Nh5 {[%clk 0:00:15]}  Rc3+ {[%clk 0:00:12]} 70. Kh4 {[%clk 0:00:14]}  Nd6 {[%clk 0:00:09]} 71. Rg7+ {[%clk 0:00:14]}  Kf8 {[%clk 0:00:11]} 72. Rxh7 {[%clk 0:00:12]}  Nf7 {[%clk 0:00:16]} 73. Rg7 {[%clk 0:00:11]}  Nd4 {[%clk 0:00:13]} 74. Rg2 {[%clk 0:00:08]}  Nf5+ {[%clk 0:00:15]} 75. Kg4 {[%clk 0:00:09]}  Ne3+ {[%clk 0:00:19]} 0-1

[Event "Rapid Tournament (RAP)"]
[Site "Biel, CH"]
[Date "2025.07.13"]
[Round "5"]
[White "Shvedova, Alexandra"]
[Black "Kobalia, Mikhail"]
[Result "0-1"]
[Board "2"]
[WhiteFideId "54154782"]
[BlackFideId "4119150"]
[WhiteTitle "WFM"]
[BlackTitle "GM"]
[WhiteElo "2177"]
[BlackElo "2509"]
[WhiteTeam "ITA"]
[BlackTeam "FID"]
[WhiteClock "0:00:19"]
[BlackClock "0:02:57"]
[Variant "Standard"]

1. e4 {[%clk 0:15:08]}  c5 {[%clk 0:15:09]} 2. Nf3 {[%clk 0:15:11]}  e6 {[%clk 0:15:13]} 3. d4 {[%clk 0:15:14]}  cxd4 {[%clk 0:15:17]} 4. Nxd4 {[%clk 0:15:18]}  Nc6 {[%clk 0:15:21]} 5. Nc3 {[%clk 0:15:18]}  a6 {[%clk 0:15:25]} 6. Be3 {[%clk 0:15:19]}  Nf6 {[%clk 0:15:26]} 7. g4 {[%clk 0:14:40]}  h6 {[%clk 0:12:07]} 8. Bg2 {[%clk 0:12:28]}  Ne5 {[%clk 0:12:02]} 9. h3 {[%clk 0:12:06]}  Nc4 {[%clk 0:11:36]} 10. Bc1 {[%clk 0:11:38]}  Qb6 {[%clk 0:11:21]} 11. Nb3 {[%clk 0:10:18]}  Bb4 {[%clk 0:10:45]} 12. O-O {[%clk 0:09:56]}  O-O {[%clk 0:10:36]} 13. Nd2 {[%clk 0:08:36]}  Ne5 {[%clk 0:08:43]} 14. Nb3 {[%clk 0:07:38]}  d5 {[%clk 0:07:45]} 15. exd5 {[%clk 0:06:50]}  Bxc3 {[%clk 0:07:40]} 16. Be3 {[%clk 0:06:07]}  Qd8 {[%clk 0:07:27]} 17. bxc3 {[%clk 0:06:08]}  Nxd5 {[%clk 0:07:28]} 18. Bc5 {[%clk 0:05:32]}  Re8 {[%clk 0:07:29]} 19. Qd2 {[%clk 0:05:21]}  Qc7 {[%clk 0:06:59]} 20. Rfe1 {[%clk 0:04:46]}  Bd7 {[%clk 0:06:01]} 21. Bd4 {[%clk 0:02:38]}  Ng6 {[%clk 0:05:44]} 22. Nc5 {[%clk 0:01:53]}  Bc6 {[%clk 0:05:37]} 23. Nd3 {[%clk 0:01:37]}  e5 {[%clk 0:04:55]} 24. Be3 {[%clk 0:01:14]}  Rad8 {[%clk 0:04:29]} 25. Qe2 {[%clk 0:00:45]}  Nh4 {[%clk 0:03:59]} 26. f3 {[%clk 0:00:29]}  Nxe3 {[%clk 0:03:26]} 27. Qxe3 {[%clk 0:00:33]}  e4 {[%clk 0:03:29]} 28. fxe4 {[%clk 0:00:22]}  Nxg2 {[%clk 0:03:21]} 29. Kxg2 {[%clk 0:00:25]}  Rxe4 {[%clk 0:03:07]} 30. Qxe4 {[%clk 0:00:15]}  Bxe4+ {[%clk 0:02:58]} 31. Rxe4 {[%clk 0:00:19]}  Qxc3 {[%clk 0:02:57]} 0-1

[Event "Rapid Tournament (RAP)"]
[Site "Biel, CH"]
[Date "2025.07.13"]
[Round "5"]
[White "Bok, Benjamin"]
[Black "Talwalkar, Vedant"]
[Result "1-0"]
[Board "3"]
[WhiteFideId "1017063"]
[BlackFideId "30962498"]
[WhiteTitle "GM"]
[BlackTitle "FM"]
[WhiteElo "2585"]
[BlackElo "2014"]
[WhiteTeam "NED"]
[BlackTeam "USA"]
[WhiteClock "0:00:25"]
[BlackClock "0:00:22"]
[Variant "Standard"]

1. Nf3 {[%clk 0:14:54]}  d5 {[%clk 0:15:06]} 2. g3 {[%clk 0:14:56]}  c5 {[%clk 0:15:08]} 3. Bg2 {[%clk 0:14:58]}  Nc6 {[%clk 0:15:07]} 4. d4 {[%clk 0:14:58]}  Nf6 {[%clk 0:14:56]} 5. O-O {[%clk 0:14:59]}  e6 {[%clk 0:14:21]} 6. c4 {[%clk 0:14:46]}  dxc4 {[%clk 0:14:25]} 7. Qa4 {[%clk 0:14:40]}  Bd7 {[%clk 0:14:28]} 8. Qxc4 {[%clk 0:14:42]}  b5 {[%clk 0:14:32]} 9. Qd3 {[%clk 0:14:18]}  c4 {[%clk 0:14:35]} 10. Qd1 {[%clk 0:14:20]}  Rc8 {[%clk 0:14:25]} 11. Bf4 {[%clk 0:14:14]}  Be7 {[%clk 0:13:51]} 12. Nc3 {[%clk 0:13:13]}  b4 {[%clk 0:12:41]} 13. Nb5 {[%clk 0:12:47]}  Qb6 {[%clk 0:08:56]} 14. Nd6+ {[%clk 0:10:29]}  Bxd6 {[%clk 0:08:58]} 15. Bxd6 {[%clk 0:10:33]}  Ne4 {[%clk 0:08:41]} 16. Bf4 {[%clk 0:07:04]}  O-O {[%clk 0:06:53]} 17. d5 {[%clk 0:06:19]}  exd5 {[%clk 0:05:03]} 18. Qxd5 {[%clk 0:06:21]}  Nf6 {[%clk 0:04:54]} 19. Qxc4 {[%clk 0:06:11]}  Be6 {[%clk 0:04:54]} 20. Qd3 {[%clk 0:06:12]}  Rfd8 {[%clk 0:04:45]} 21. Qe3 {[%clk 0:06:12]}  Qb5 {[%clk 0:03:58]} 22. Rfd1 {[%clk 0:01:35]}  Ng4 {[%clk 0:03:12]} 23. Rxd8+ {[%clk 0:01:02]}  Rxd8 {[%clk 0:03:15]} 24. Qc1 {[%clk 0:00:44]}  Bd5 {[%clk 0:01:19]} 25. Qc2 {[%clk 0:00:42]}  Re8 {[%clk 0:00:20]} 26. Bf1 {[%clk 0:00:11]}  Be4 {[%clk 0:00:19]} 27. Qd1 {[%clk 0:00:12]}  Rd8 {[%clk 0:00:23]} 28. Qe1 {[%clk 0:00:16]}  Qb6 {[%clk 0:00:21]} 29. h3 {[%clk 0:00:16]}  Nf6 {[%clk 0:00:20]} 30. Rd1 {[%clk 0:00:14]}  Nd5 {[%clk 0:00:20]} 31. Bc1 {[%clk 0:00:13]}  Re8 {[%clk 0:00:19]} 32. Ng5 {[%clk 0:00:15]}  Nf6 {[%clk 0:00:11]} 33. Be3 {[%clk 0:00:07]}  Qb7 {[%clk 0:00:14]} 34. Nxe4 {[%clk 0:00:11]}  Nxe4 {[%clk 0:00:17]} 35. Bg2 {[%clk 0:00:08]}  h6 {[%clk 0:00:08]} 36. Rc1 {[%clk 0:00:12]}  Qd7 {[%clk 0:00:09]} 37. Qd1 {[%clk 0:00:14]}  Qe6 {[%clk 0:00:08]} 38. Qc2 {[%clk 0:00:13]}  Nxg3 {[%clk 0:00:11]} 39. Bxc6 {[%clk 0:00:09]}  Rc8 {[%clk 0:00:14]} 40. fxg3 {[%clk 0:00:06]}  Qxe3+ {[%clk 0:00:18]} 41. Kg2 {[%clk 0:00:10]}  h5 {[%clk 0:00:15]} 42. Qc4 {[%clk 0:00:07]}  h4 {[%clk 0:00:12]} 43. gxh4 {[%clk 0:00:10]}  Rd8 {[%clk 0:00:07]} 44. Bf3 {[%clk 0:00:13]}  Rd2 {[%clk 0:00:10]} 45. Qc8+ {[%clk 0:00:14]}  Kh7 {[%clk 0:00:15]} 46. Qf5+ {[%clk 0:00:17]}  g6 {[%clk 0:00:18]} 47. Qxf7+ {[%clk 0:00:21]}  Kh6 {[%clk 0:00:22]} 48. Qf8+ {[%clk 0:00:25]} 1-0

[Event "Rapid Tournament (RAP)"]
[Site "Biel, CH"]
[Date "2025.07.13"]
[Round "5"]
[White "Karthikeyan, Murali"]
[Black "Banh Gia Huy"]
[Result "1-0"]
[Board "4"]
[WhiteFideId "5074452"]
[BlackFideId "12424714"]
[WhiteTitle "GM"]
[BlackTitle "IM"]
[WhiteElo "2522"]
[BlackElo "2261"]
[WhiteTeam "IND"]
[BlackTeam "VIE"]
[WhiteClock "0:00:26"]
[BlackClock "0:00:17"]
[Variant "Standard"]

1. e4 {[%clk 0:15:09]}  e6 {[%clk 0:15:07]} 2. d3 {[%clk 0:15:03]}  d5 {[%clk 0:15:11]} 3. Nd2 {[%clk 0:15:07]}  Nf6 {[%clk 0:15:14]} 4. g3 {[%clk 0:15:01]}  c5 {[%clk 0:15:17]} 5. Bg2 {[%clk 0:15:04]}  Be7 {[%clk 0:15:20]} 6. Ngf3 {[%clk 0:15:07]}  h6 {[%clk 0:15:23]} 7. O-O {[%clk 0:15:08]}  O-O {[%clk 0:15:26]} 8. e5 {[%clk 0:15:07]}  Nh7 {[%clk 0:14:59]} 9. Re1 {[%clk 0:14:58]}  Nc6 {[%clk 0:14:56]} 10. Nf1 {[%clk 0:14:38]}  f6 {[%clk 0:12:11]} 11. exf6 {[%clk 0:14:36]}  Nxf6 {[%clk 0:11:57]} 12. c4 {[%clk 0:12:47]}  dxc4 {[%clk 0:11:01]} 13. dxc4 {[%clk 0:12:50]}  Qxd1 {[%clk 0:11:01]} 14. Rxd1 {[%clk 0:12:49]}  e5 {[%clk 0:10:49]} 15. Ne3 {[%clk 0:12:33]}  e4 {[%clk 0:08:39]} 16. Nd2 {[%clk 0:12:26]}  Nd4 {[%clk 0:08:43]} 17. Nxe4 {[%clk 0:11:59]}  Ne2+ {[%clk 0:08:32]} 18. Kf1 {[%clk 0:11:51]}  Nxc1 {[%clk 0:08:28]} 19. Raxc1 {[%clk 0:11:52]}  Nxe4 {[%clk 0:08:06]} 20. Bxe4 {[%clk 0:11:55]}  Bf6 {[%clk 0:08:07]} 21. b3 {[%clk 0:10:37]}  Bd4 {[%clk 0:07:50]} 22. Kg2 {[%clk 0:10:01]}  a5 {[%clk 0:07:52]} 23. Rd2 {[%clk 0:06:54]}  a4 {[%clk 0:05:40]} 24. Nd5 {[%clk 0:05:15]}  axb3 {[%clk 0:04:48]} 25. axb3 {[%clk 0:05:17]}  Ra3 {[%clk 0:04:50]} 26. b4 {[%clk 0:03:56]}  Be6 {[%clk 0:04:00]} 27. Nc7 {[%clk 0:03:37]}  Bf7 {[%clk 0:03:35]} 28. Nb5 {[%clk 0:03:38]}  Rb3 {[%clk 0:03:08]} 29. Nxd4 {[%clk 0:02:51]}  cxd4 {[%clk 0:03:12]} 30. b5 {[%clk 0:02:52]}  Rc3 {[%clk 0:03:01]} 31. Rb1 {[%clk 0:00:51]}  Rxc4 {[%clk 0:02:46]} 32. Bxb7 {[%clk 0:00:54]}  Rb8 {[%clk 0:02:50]} 33. Be4 {[%clk 0:00:24]}  Rb6 {[%clk 0:02:28]} 34. Bd3 {[%clk 0:00:16]}  Rc5 {[%clk 0:01:48]} 35. Rb4 {[%clk 0:00:12]}  Bd5+ {[%clk 0:01:26]} 36. f3 {[%clk 0:00:16]}  Bc6 {[%clk 0:00:21]} 37. Rdb2 {[%clk 0:00:13]}  Bd5 {[%clk 0:00:11]} 38. Rxd4 {[%clk 0:00:16]}  Kf8 {[%clk 0:00:15]} 39. Kf2 {[%clk 0:00:12]}  Ke7 {[%clk 0:00:10]} 40. f4 {[%clk 0:00:09]}  Kf6 {[%clk 0:00:16]} 41. h4 {[%clk 0:00:09]}  Be6 {[%clk 0:00:20]} 42. Kf3 {[%clk 0:00:11]}  Bd5+ {[%clk 0:00:24]} 43. Ke3 {[%clk 0:00:13]}  Re6+ {[%clk 0:00:27]} 44. Kf2 {[%clk 0:00:16]}  Rb6 {[%clk 0:00:30]} 45. g4 {[%clk 0:00:20]}  g5 {[%clk 0:00:27]} 46. Kg3 {[%clk 0:00:22]}  Be6 {[%clk 0:00:22]} 47. Rf2 {[%clk 0:00:23]}  gxf4+ {[%clk 0:00:18]} 48. Rfxf4+ {[%clk 0:00:20]}  Ke7 {[%clk 0:00:20]} 49. Rfe4 {[%clk 0:00:18]}  Rc3 {[%clk 0:00:23]} 50. Kf4 {[%clk 0:00:22]}  Rb8 {[%clk 0:00:15]} 51. Re5 {[%clk 0:00:22]}  Rf8+ {[%clk 0:00:16]} 52. Bf5 {[%clk 0:00:26]}  Rf6 {[%clk 0:00:17]} 53. Rde4 {[%clk 0:00:26]} 1-0

[Event "Rapid Tournament (RAP)"]
[Site "Biel, CH"]
[Date "2025.07.13"]
[Round "5"]
[White "Chen, Yuan"]
[Black "Gloeckler, Christian"]
[Result "1-0"]
[Board "5"]
[WhiteFideId "8618860"]
[BlackFideId "34608966"]
[BlackTitle "FM"]
[WhiteElo "2248"]
[BlackElo "2353"]
[WhiteTeam "CHN"]
[BlackTeam "GER"]
[WhiteClock "0:00:18"]
[BlackClock "0:00:06"]
[Variant "Standard"]

1. e4 {[%clk 0:15:08]}  c5 {[%clk 0:15:09]} 2. Nf3 {[%clk 0:15:12]}  d6 {[%clk 0:15:13]} 3. Bb5+ {[%clk 0:15:04]}  Nd7 {[%clk 0:15:17]} 4. d4 {[%clk 0:15:02]}  cxd4 {[%clk 0:15:20]} 5. Qxd4 {[%clk 0:15:05]}  a6 {[%clk 0:15:24]} 6. Be2 {[%clk 0:15:03]}  Ngf6 {[%clk 0:15:20]} 7. c4 {[%clk 0:15:07]}  g6 {[%clk 0:15:20]} 8. Nc3 {[%clk 0:15:10]}  Bg7 {[%clk 0:15:22]} 9. O-O {[%clk 0:15:12]}  O-O {[%clk 0:15:15]} 10. h3 {[%clk 0:15:01]}  b6 {[%clk 0:14:27]} 11. Qe3 {[%clk 0:14:42]}  Bb7 {[%clk 0:14:19]} 12. Rd1 {[%clk 0:14:45]}  Rc8 {[%clk 0:13:05]} 13. e5 {[%clk 0:13:38]}  Ne8 {[%clk 0:11:17]} 14. e6 {[%clk 0:13:30]}  Nc5 {[%clk 0:10:14]} 15. exf7+ {[%clk 0:13:26]}  Rxf7 {[%clk 0:10:17]} 16. Ng5 {[%clk 0:13:15]}  Rf5 {[%clk 0:09:28]} 17. Bg4 {[%clk 0:12:51]}  Re5 {[%clk 0:09:26]} 18. Qf4 {[%clk 0:12:54]}  Bf6 {[%clk 0:09:00]} 19. Nf3 {[%clk 0:12:08]}  Bxf3 {[%clk 0:08:15]} 20. Qxf3 {[%clk 0:12:10]}  Rb8 {[%clk 0:08:04]} 21. Bf4 {[%clk 0:12:01]}  h5 {[%clk 0:07:20]} 22. Bxe5 {[%clk 0:12:04]}  Bxe5 {[%clk 0:07:17]} 23. Qd5+ {[%clk 0:11:53]}  e6 {[%clk 0:07:16]} 24. Bxe6+ {[%clk 0:11:46]}  Kg7 {[%clk 0:07:18]} 25. Qxe5+ {[%clk 0:10:34]}  dxe5 {[%clk 0:07:21]} 26. Rxd8 {[%clk 0:10:37]}  Rxd8 {[%clk 0:07:25]} 27. Bd5 {[%clk 0:10:41]}  Nf6 {[%clk 0:06:14]} 28. Rd1 {[%clk 0:09:29]}  a5 {[%clk 0:05:46]} 29. Kf1 {[%clk 0:09:20]}  Kf8 {[%clk 0:04:51]} 30. Ke2 {[%clk 0:09:22]}  Ke7 {[%clk 0:04:55]} 31. h4 {[%clk 0:09:19]}  Ng4 {[%clk 0:03:53]} 32. g3 {[%clk 0:07:51]}  Nh6 {[%clk 0:03:13]} 33. Be4 {[%clk 0:07:25]}  Rg8 {[%clk 0:02:24]} 34. Nd5+ {[%clk 0:07:17]}  Ke6 {[%clk 0:02:17]} 35. Bg2 {[%clk 0:06:51]}  Nf5 {[%clk 0:02:08]} 36. Bh3 {[%clk 0:06:50]}  Kf7 {[%clk 0:01:44]} 37. Bxf5 {[%clk 0:06:44]}  gxf5 {[%clk 0:01:48]} 38. b3 {[%clk 0:06:46]}  Rg6 {[%clk 0:01:20]} 39. Nc3 {[%clk 0:06:23]}  Ne6 {[%clk 0:01:06]} 40. Nb5 {[%clk 0:06:03]}  f4 {[%clk 0:01:05]} 41. Kf3 {[%clk 0:05:34]}  Rg4 {[%clk 0:00:51]} 42. Re1 {[%clk 0:03:17]}  Kf6 {[%clk 0:00:55]} 43. Kg2 {[%clk 0:03:21]}  Nc5 {[%clk 0:00:47]} 44. Nc3 {[%clk 0:03:14]}  Kf5 {[%clk 0:00:37]} 45. Nd5 {[%clk 0:03:01]}  Nd3 {[%clk 0:00:37]} 46. Re2 {[%clk 0:02:26]}  e4 {[%clk 0:00:35]} 47. Kf1 {[%clk 0:01:43]}  Ke5 {[%clk 0:00:28]} 48. Nc3 {[%clk 0:00:50]}  Kd4 {[%clk 0:00:10]} 49. Nb5+ {[%clk 0:00:51]}  Ke5 {[%clk 0:00:14]} 50. f3 {[%clk 0:00:32]}  Rxg3 {[%clk 0:00:11]} 51. Rxe4+ {[%clk 0:00:36]}  Kf6 {[%clk 0:00:10]} 52. Nd4 {[%clk 0:00:38]}  Nc5 {[%clk 0:00:11]} 53. Rxf4+ {[%clk 0:00:35]}  Ke5 {[%clk 0:00:15]} 54. Ne2 {[%clk 0:00:39]}  Rg8 {[%clk 0:00:07]} 55. Rd4 {[%clk 0:00:35]}  Rf8 {[%clk 0:00:09]} 56. Rd5+ {[%clk 0:00:35]}  Ke6 {[%clk 0:00:10]} 57. Nd4+ {[%clk 0:00:39]}  Ke7 {[%clk 0:00:12]} 58. Rxh5 {[%clk 0:00:38]}  Rf4 {[%clk 0:00:13]} 59. Rd5 {[%clk 0:00:35]}  Nd7 {[%clk 0:00:12]} 60. Kf2 {[%clk 0:00:12]}  Nf6 {[%clk 0:00:12]} 61. Nc6+ {[%clk 0:00:16]}  Kf7 {[%clk 0:00:09]} 62. Rd4 {[%clk 0:00:19]}  Rf5 {[%clk 0:00:11]} 63. a3 {[%clk 0:00:17]}  Rc5 {[%clk 0:00:11]} 64. Na7 {[%clk 0:00:18]}  Ke7 {[%clk 0:00:10]} 65. b4 {[%clk 0:00:21]}  axb4 {[%clk 0:00:14]} 66. axb4 {[%clk 0:00:25]}  Rc7 {[%clk 0:00:15]} 67. Nb5 {[%clk 0:00:29]}  Rc8 {[%clk 0:00:16]} 68. Nc3 {[%clk 0:00:30]}  Ke6 {[%clk 0:00:14]} 69. Ne4 {[%clk 0:00:33]}  Nd7 {[%clk 0:00:18]} 70. Rd6+ {[%clk 0:00:30]}  Ke7 {[%clk 0:00:19]} 71. Rd4 {[%clk 0:00:29]}  Ne5 {[%clk 0:00:17]} 72. c5 {[%clk 0:00:31]}  Nc6 {[%clk 0:00:18]} 73. Rd6 {[%clk 0:00:28]}  b5 {[%clk 0:00:18]} 74. h5 {[%clk 0:00:10]}  Nxb4 {[%clk 0:00:17]} 75. h6 {[%clk 0:00:12]}  Nc6 {[%clk 0:00:14]} 76. h7 {[%clk 0:00:15]}  Ne5 {[%clk 0:00:15]} 77. Ng5 {[%clk 0:00:12]}  Nc4 {[%clk 0:00:08]} 78. Rg6 {[%clk 0:00:15]}  Rh8 {[%clk 0:00:06]} 79. Rg8 {[%clk 0:00:18]} 1-0